000 01265nam a22003737a 4500
003 CHAP
005 20220329134529.0
008 971013s1961 r 00010 d
010 _a21708
011 _a22680
035 _a26775
040 _cCHAP
082 _a595.7
_bB68
100 0 0 _aBourke, Austin P.
_914780
245 _aClimatic aspects of the possible establishment of the japanese beetle in Europe
260 _aGeneva :
_bWorld Meteorological Organization,
_c1961
300 _a9 p.
490 _aTechnical note
_v; 41
501 _aEnc. con otros impresos similares
590 _aBATCH-UPD
_b10
_c20130109
_lUCH01
_h2342
590 _aBATCH-UPD
_b10
_c20130110
_lUCH01
_h0227
590 _aBATCH-UPD
_b10
_c20130110
_lUCH01
_h2151
590 _aBATCH-UPD
_b10
_c20130409
_lUCH01
_h1912
590 _aBATCH-UPD
_b10
_c20130410
_lUCH01
_h1459
590 _aBATCH-UPD
_b10
_c20130914
_lUCH01
_h1648
590 _aCONVERSION
_b10
_c20130109
_lUCH01
_h1313
650 1 4 _aInsectos y tiempo atmosférico.
_958963
650 1 4 _aPopillia japonica.
_990890
710 0 _aOrganización Meteorológica Mundial.
_983552
830 0 _aTechnical note
_v; 41
_9111897
901 _aBK
942 _cLIBRO
949 _a595.7 B68
_bBC
_cLIBRO
_d-61778
_eLIBRO
_h54417
_i26775
_si
999 _c21708
_d21708